000
00333nam a22001457a 4500
003
OSt
005
20220214094152.0
008
220214b |||||||| |||| 00| 0 eng d
020
_a
139780070086951
040
_c
HU
082
_2
3rd
_a
627.3
100
_a
Subramanya
_9
30275
245
_a
Flow In Open Channels
942
_2
ddc
_c
BOOKS
_n
0
999
_c
30114
_d
30114